Max Verstappen's points in every circuit - Statistics

General Stats
  • This quiz has been taken 60 times
  • The average score is 27 of 32
Answer Stats
N° Point Circuit % Correct
106 Italy - Monza
98%
167 Brazil - Interlagos
96%
77 Australia - Melbourne
94%
92 China - Shanghai
94%
112 Netherlands - Zandvoort
94%
169 Spain - Barcelona
94%
218 Austria - Spielberg
91%
137.5 Belgium - Spa Francorchamps
91%
155 Japan - Suzuka
91%
35 Las Vegas - Las Vegas
91%
155 Mexico - Mexico City
91%
165 Abu Dhabi - Yas Marina
89%
90 Miami - Miami
89%
109 Emilia Romagna - Imola
87%
147 Great Britain - Silverstone
87%
116 Bahrain - Sakhir
85%
53 Germany - Hockenheim
85%
105 Saudi Arabia - Jedda
85%
163 United States - Austin
85%
100 Azerbaijan - Baku
83%
81 France - Le Castellet
83%
78 Qatar - Lusail
83%
33 Portugal - Portimao
81%
12 Russia - Sochi
81%
79 Singapore - Singapore
81%
130 Canada - Montréal
79%
134 Hungary - Hungaroring
79%
109 Monaco - Monaco
77%
26 Turkey - Istanbul
77%
49 Malaysia - Kuala Lumpur
72%
57 Russia - Sodi
68%
19 Eifel - Nurburgring
45%
No matching quizzes found
Score Distribution
Percent of People with Each Score
Percentile by Number Answered
Your Score History
You have not taken this quiz